000 02070cam a2200313 4500500
005 20260405001000.0
041 _afre
042 _adc
100 1 0 _aMassin, Nathalie
_eauthor
245 0 0 _aAutoconservation sociétale des ovocytes : ouverture de la loi en France
260 _c2022.
500 _a63
520 _aElective female fertility preservation is authorized in France since 2021,August. Oocyte cryopreservation to prevent age fertility declined can be performed from 29 to 37 years old and is reimbursed by social security. Mostly, women are single and wait for their career or for a partner to build their family. Its success rate depends on age and number of cryopreserved oocytes. Due to limited number of authorized centres, accessibility for women is poor in 2022.
520 _adepuis la loi de bioéthique d’août 2021, la préservation de la fertilité féminine non médicale est autorisée en France, et prise en charge par la sécurité sociale, entre le 29e et le 37e anniversaire. Son indication est de prévenir le déclin de la fertilité lié à l'âge, chez des femmes qui souhaitent attendre, pour des raisons professionnelles ou pour trouver le partenaire avec lequel fonder leur famille. Son efficacité dépend de l’âge et du nombre d’ovocytes conservés. En 2022, sa mise en œuvre peine à se mettre en route en raison d’un accès limité.
690 _aautoconservation ovocytaire
690 _afemmes célibataires
690 _afertilité
690 _aLoi de bioéthique
690 _apréservation de la fertilité non médicale
690 _avitrification ovocytaire
690 _abioethics and Law
690 _aelective/planned fertility preservation
690 _afamily building
690 _aoocyte vitrification
690 _asingle women
690 _asocial egg freezing
786 0 _nMédecine de la Reproduction | 24 | 3 | 2022-07-01 | p. 376-381 | 2650-8427
856 4 1 _uhttps://stm.cairn.info/revue-medecine-de-la-reproduction-2022-3-page-376?lang=fr&redirect-ssocas=7080
999 _c2042835
_d2042835